000 00763nam a2200289Ia 4500
005 20260324131045.0
008 008 260324s9999 xx 000 0 eng d
020 _a9780203051580
037 _aEBOOK
040 _aCRL
040 _beng
040 _cCRL
041 _2eng
041 _aeng
084 _qCRL
100 _aKathleen Swenso Miller; Georgiana L Herzberg; Sharon A Ray
_91184060
245 0 _aHomelessness in America
245 0 _bPerspectives, Characterizations, and Considerations for Occupational Therapy
260 _bTaylor and Francis
260 _c2006
365 _a
365 _b220
856 _uhttp://www.taylorfrancis.com/books/9780203051580
942 _cEBOOK
999 _c1780878
_d1780878